Daily Quiz #5 - Statistics

General Stats
  • This quiz has been taken 31 times
  • The average score is 4 of 5
Answer Stats
Hint Answer % Correct
What state is Chicago in? Illinois
100%
What is the biggest city in Canada? Toronto
100%
Name a country the USA was at war with in the 21st century? Iraq / Afghanistan
97%
What state is Philadelphia in? Pennsylvania
83%
Other than George bush, name a president whose son was also a president. John Adams
62%
No matching quizzes found
Score Distribution
Percent of People with Each Score
Percentile by Number Answered
Your Score History
You have not taken this quiz